Statistics for Brawl Stars Brawlers

Click here to take the quiz!

General Stats

  • This quiz has been taken 47 times
  • The average score is 47 of 74

Answer Stats

RarityBrawler% Correct
Starting BrawlerShelly
97%
Rare (Trophy Road)Colt
90%
LegendaryCrow
87%
RareRosa
87%
Epic (Trophy Road)Bo
84%
Very Rare (Trophy Road)Dynamike
84%
Epic (Free)Edgar
84%
LegendaryLeon
84%
Rare (Trophy Road)Nita
84%
LegendarySpike
84%
LegendaryAmber
81%
RareBarley
81%
RareEl Primo
81%
Legendary (Chromatic)Surge
81%
Rare (Trophy Road)Brock
77%
EpicPiper
77%
Very RareRico
77%
Very Rare (Trophy Road)8-Bit
74%
MythicMortis
74%
Very RarePenny
74%
LegendarySandy
74%
Rare (Trophy Road)Bull
71%
Very RareCarl
71%
Epic (Chromatic)Colette
71%
Legendary (Chromatic)Cordelius
71%
Very RareDarryl
71%
Very Rare (Trophy Road)Jessie
71%
LegendaryMeg
71%
RarePoco
71%
Epic (Trophy Road)Stu
71%
Very Rare (Trophy Road)Tick
71%
EpicFrank
68%
Very RareJacky
68%
Mythic (Free)Mico
68%
EpicPam
68%
MythicTara
68%
Epic (Trophy Road)Emz
65%
Epic (Chromatic)Gale
65%
Epic (Chromatic)Mandy
65%
LegendaryChester
61%
MythicGene
61%
Mythic (Chromatic)Buzz
58%
Mythic (Chromatic)Charlie
58%
Very RareGus
58%
MythicMax
58%
EpicBea
55%
EpicBibi
55%
EpicBonnie
55%
Mythic (Chromatic)Fang
55%
Mythic (Chromatic)Lou
52%
MythicMr P
52%
Epic (Chromatic)Pearl
52%
MythicSprout
52%
Epic (Chromatic)Belle
48%
Mythic (Chromatic)Buster
48%
MythicByron
48%
Epic (Chromatic)Maisie
48%
Mythic (Chromatic)Ruffs
48%
Epic (Chromatic)Sam
48%
MythicSqueak
48%
MythicWillow
48%
Epic (Chromatic)Ash
45%
EpicGriff
45%
EpicHank
45%
Mythic (Chromatic)Janet
45%
EpicNani
45%
MythicDoug
42%
MythicGray
42%
Epic (Chromatic)Lola
42%
MythicChuck
39%
Mythic (Chromatic)Eve
39%
EpicGrom
35%
Mythic (Chromatic)Otis
32%
Mythic (Chromatic)R-T
32%

Score Distribution

Percentile by Number Answered

Percent of People with Each Score

Your Score History

You have not taken this quiz